ბათუმის შოთა რუსთაველის სახელმწიფო უნივერსიტეტის ბიბლიოთეკა

Промышленная очистка газов. Industrial gas cleaning. (ბიბ.ჩანაწერი № 38223)

000 -LEADER
fixed length control field 00682nam a2200229Ia 4500
001 - CONTROL NUMBER
control field 4213
003 - CONTROL NUMBER IDENTIFIER
control field GE_BSU
008 - FIXED-LENGTH DATA ELEMENTS--GENERAL INFORMATION
fixed length control field 181216s||||||||xx |||||||||||||| ||und||
040 ## - CATALOGING SOURCE
Transcribing agency GE_BSU
080 ## - UNIVERSAL DECIMAL CLASSIFICATION NUMBER
Universal Decimal Classification number 66.074(075.8)
100 ## - MAIN ENTRY--PERSONAL NAME
Personal name Страус.В.
245 ## - TITLE STATEMENT
Title Промышленная очистка газов. Industrial gas cleaning.
245 ## - TITLE STATEMENT
Remainder of title Учебник.
245 ## - TITLE STATEMENT
Statement of responsibility, etc. Ред. И. В. Лебедева.
250 ## - EDITION STATEMENT
Edition statement Пер. с англ. Ю.Я.Косого.
260 ## - PUBLICATION, DISTRIBUTION, ETC.
Place of publication, distribution, etc. М.
260 ## - PUBLICATION, DISTRIBUTION, ETC.
Name of publisher, distributor, etc. Химия.
260 ## - PUBLICATION, DISTRIBUTION, ETC.
Date of publication, distribution, etc. 1981.
300 ## - PHYSICAL DESCRIPTION
Extent 616 стр. 22 см.
653 ## - INDEX TERM--UNCONTROLLED
Uncontrolled term Промышленная очистка газов. Industrial gas cleaning.
942 ## - ADDED ENTRY ELEMENTS (KOHA)
Koha item type წიგნი
ეგზემპლარები
Withdrawn status Lost status Damaged status Not for loan Date acquired Barcode Date last seen Price effective from Koha item type Public note
        2018-12-17 9554 2018-12-17 2018-12-17 წიგნი საცავი